| 000 | 00524cam a22001457a 4500 | ||
|---|---|---|---|
| 008 | 180718b1979 xxu||||| |||| 00| 0 eng d | ||
| 082 | _aA6x5421 M565 | ||
| 100 | _aMetcalf, Thomas R. | ||
| 245 |
_aLand, landlords and the British raj: northern India in the ninteenth century _cby Thomas R. Metcalf |
||
| 260 |
_aDelhi _bOxford University Press _c1979 |
||
| 300 | _a430p. | ||
| 650 | _aCommunity life, Rural - India - Uttar Pradesh | ||
| 650 | _aLand tenure - India - Uttar Pradesh | ||
| 650 | _aUttar Pradesh - History - 1900 | ||
| 999 |
_c350759 _d350759 |
||